000 00496cam a2200205 4500
001 D1325
008 090401t1979 xxu||||| |||| 00| 0 eng d
035 _a(Sirsi) u63448
041 _aeng
050 _a333.332
100 _aBaum, Andrew
245 4 _aThe income approach to property valuation
260 _aLondon
_bRoutledge and Kegan Paul
_c1979
300 _ax. 205p. 21cm
350 _a3.95
520 _aShelf 305
700 _aMackmin, David
942 _n0
948 _c04/03/1997
999 _c94563
_d94563